Statistics for Hungary Country Quiz

Click here to take the quiz!

General Stats

  • This quiz has been taken 32,147 times
    (31,937 since last reset)
  • The average score is 12 of 19

Answer Stats

ClueAnswer% Correct
Capital cityBudapest
99%
River passing through that cityDanube
94%
Empire that Hungary was part of which dissolved in 1918Austria-Hungary
88%
Country which Hungary revolted against in 1956Soviet Union
82%
Famous invention of Ernő RubikRubik's Cube
81%
Famous Hungarian stewGoulash
75%
M word that refers to the Hungarian ethnicityMagyar
75%
Red spice used to flavor the abovePaprika
74%
Leader of the Huns from 434–453 A.D. who was called the "Scourge of God"
(the relation to modern Hungarians is unclear)
Attila
70%
Name a country, other than Hungary, that speaks a Uralic languageFinland | Estonia
67%
Prime Minister since 2010 who has been accused of undermining democracyViktor Orbán
52%
Mountain range which partially encircles the Hungarian PlainCarpathians
48%
Currency of Hungary (named after a coin from Florence)Forint
45%
Largest lake in Central EuropeBalaton
42%
Piano virtuoso who composed "Hungarian Rhapsody"Franz Liszt
42%
Hungarian-American currency speculator who is the subject of many conspiracy theoriesGeorge Soros
40%
Team sport dominated by Hungary at the Summer OlympicsWater Polo
39%
First king of HungaryStephen I
35%
Hungarian-American mathematician considered to be one of the most
intelligent people of all-time
John von {Neumann}
23%

Score Distribution

Percentile by Number Answered

Percent of People with Each Score

Your Score History

You have not taken this quiz since the last reset